Warhammer: Age of Sigmar - factions - Statistics

General Stats
  • This quiz has been taken 154 times
  • The average score is 15 of 24
Answer Stats
Hint Answer % Correct
Chaos Maggotkin of Nurgle
84%
Order Stormcast Eternals
84%
Chaos Hedonites of Slaanesh
80%
Chaos Blades of Khorne
79%
Chaos Discliples of Tzeentch
75%
Chaos Skaven
71%
Destruction Orruk Warclans
65%
Order Cities of Sigmar
63%
Order Fyreslayers
63%
Death Nighthaunt
63%
Chaos Slaves to Darkness
61%
Death Flesh-Eater Courts
59%
Destruction Gloomspite Gitz
58%
Order Sylvaneth
58%
Order Daughters of Khaine
57%
Order Idoneth Deepkin
57%
Death Ossiarch Bonereapers
56%
Death Soulblight Gravelords
55%
Order Lumineth Realm-Lords
53%
Destruction Ogor Mawtribes
49%
Order Seraphon
47%
Destruction Sons of Behemat
47%
Order Kharadron Overlords
42%
Chaos Beasts of Chaos
39%
No matching quizzes found
Score Distribution
Percent of People with Each Score
Percentile by Number Answered
Your Score History
You have not taken this quiz